A manual for writers of term papers, theses, and dissertations (Record no. 16426)
[ view plain ]
| 000 -LEADER | |
|---|---|
| fixed length control field | 00639nam a22002417a 4500 |
| 003 - CONTROL NUMBER IDENTIFIER | |
| control field | OSt |
| 005 - DATE AND TIME OF LATEST TRANSACTION | |
| control field | 20250315145656.0 |
| 008 - FIXED-LENGTH DATA ELEMENTS--GENERAL INFORMATION | |
| fixed length control field | 130213t xxu||||| |||| 00| 0 eng d |
| 020 ## - INTERNATIONAL STANDARD BOOK NUMBER | |
| International Standard Book Number | 0226816273 |
| 050 ## - LIBRARY OF CONGRESS CALL NUMBER | |
| Classification number | LB 2369 |
| Item number | .T929 1996 |
| 082 ## - DEWEY DECIMAL CLASSIFICATION NUMBER | |
| Classification number | M 808.02 |
| Item number | T84 1996 |
| 100 ## - MAIN ENTRY--PERSONAL NAME | |
| Personal name | Turabian, Kate L. |
| 245 ## - TITLE STATEMENT | |
| Title | A manual for writers of term papers, theses, and dissertations |
| Statement of responsibility, etc | Turabian, Kate L. |
| 260 ## - PUBLICATION, DISTRIBUTION, ETC. (IMPRINT) | |
| Place of publication, distribution, etc | Chicago |
| Name of publisher, distributor, etc | University of Chicago Press |
| Date of publication, distribution, etc | c1996 |
| 300 ## - PHYSICAL DESCRIPTION | |
| Extent | 308 p. |
| Dimensions | 23 cm. |
| 526 ## - STUDY PROGRAM INFORMATION NOTE | |
| Reading level | 1210L-1700L |
| 562 ## - COPY AND VERSION IDENTIFICATION NOTE | |
| Number of copies | 4 |
| 942 ## - ADDED ENTRY ELEMENTS (KOHA) | |
| Source of classification or shelving scheme | Library of Congress Classification |
| Koha item type | Books |
| Withdrawn status | Lost status | Source of classification or shelving scheme | Damaged status | Home library | Current library | Shelving location | Date acquired | Total Checkouts | Full call number | Barcode | Date last seen | Copy number | Price effective from | Koha item type | Date checked out |
|---|---|---|---|---|---|---|---|---|---|---|---|---|---|---|---|
| Library of Congress Classification | College Library | College Library | General Circulation Section | 05/18/2013 | LB 2369 .T929 1996 | c11451 | 05/15/2018 | 1 | 05/18/2013 | Books | |||||
| Library of Congress Classification | College Library | College Library | General Circulation Section | 05/18/2013 | LB 2369 .T929 1996 | c7822 | 05/15/2018 | 2 | 05/18/2013 | Books | |||||
| Library of Congress Classification | College Library | College Library | General Circulation Section | 05/18/2013 | LB 2369 .T929 1996 | c1246 | 05/15/2018 | 4 | 05/18/2013 | Books | |||||
| Library of Congress Classification | College Library | College Library | General Circulation Section | 05/18/2013 | 1 | LB 2369 .T929 1996 | c1247 | 05/15/2018 | 3 | 05/18/2013 | Books | 07/31/2014 |